00793naa#a2200229#i#4500001001600000005001700016011001400033100004100047101000800088102000700096200017400103210004900277215001000326608002700336675004700363700002100410700002600431700003000457700003300487700002900520856001400549EN\\bibl\10067120260511085912.1##a2782-490X##a20250902b2025####ek#y0engy0150####ca0#aRUS##aRU1#aThe influence of predecessors and sowing methods on the productivity of spring wheat in the conditions of the Predkama zone of the Republic of TatarstaneJournal article1#aKazancKazan state agrarian Universityd2025##a4 с.##aJournal article2local##aПшеница. Triticum ssp.. 633.11zRUS#1aSerzhanovgIgor #1aShaykhutdinovgFarit #1aGaraevgRazil Il'surovich#1aNogumanovgIlyas Zakhitovich#1aZakievgLenar Rafilevich4#azh-szf.ru